[Event "IECG WC.2002.P.00005 email"]
[Site "IECG email"]
[Date "1999.??.??"]
[Round "?"]
[White "Albrecht, Fabrice"]
[Black "Schipper, Martin"]
[Result "1/2-1/2"]
[WhiteElo "1743"]
[BlackElo "1181"]
[PlyCount "69"]
[EventDate "1999.02.21"]
[EventType "tourn (corr)"]
[EventRounds "8"]
[SourceTitle "Corr 2008"]
[Source "ChessBase"]
[SourceDate "2008.06.24"]
[SourceVersion "1"]
[SourceVersionDate "2008.06.24"]
[SourceQuality "1"]

1. e4 c5 2. Nf3 d6 3. d4 cxd4 4. Nxd4 Nf6 5. Nc3 e6 6. Be2 Be7 7. 0-0 Nc6 8. Be3 0-0 9. f4 Bd7 10. Nb3 Rc8 11. Qd2 a6 12. Rad1 Qc7 13. a3 Rfe8 14. g4 Red8 15. g5 Ne8 16. f5 b5 17. Bg4 Ne5 18. fxe6 Bxe6 19. Bxe6 fxe6 20. Qf2 Rd7 21. Bd4 g6 22. Bxe5 dxe5 23. Qf7+ Kh8 24. Qxe6 Rxd1 25. Nxd1 Ng7 26. Qxa6 Qd7 27. Nc3 Qg4+ 28. Kh1 Rxc3 29. bxc3 Qxe4+ 30. Kg1 Qe3+ 31. Rf2 Qe1+ 32. Kg2 Qe4+ 33. Kf1 Qh1+ 34. Ke2 Qe4+ 35. Kd1 1/2-1/2

[Event "IECG WC.2002.P.00005 email"]
[Site "IECG email"]
[Date "1999.??.??"]
[Round "?"]
[White "Schipper, Martin"]
[Black "Turcan, Milan"]
[Result "0-1"]
[WhiteElo "1181"]
[BlackElo "2207"]
[PlyCount "82"]
[EventDate "1999.02.21"]
[EventType "tourn (corr)"]
[EventRounds "8"]
[SourceTitle "Corr 2008"]
[Source "ChessBase"]
[SourceDate "2008.06.24"]
[SourceVersion "1"]
[SourceVersionDate "2008.06.24"]
[SourceQuality "1"]

1. e4 d5 2. exd5 Qxd5 3. Nc3 Qa5 4. d4 c6 5. Nf3 Nf6 6. Ne5 Bf5 7. Bc4 e6 8. g4 Be4 9. 0-0 Bd5 10. Bd3 Qb6 11. Nxd5 cxd5 12. c3 Bd6 13. f4 Nc6 14. Qe2 Rd8 15. Nxc6 bxc6 16. b4 0-0 17. f5 e5 18. g5 Nd7 19. Be3 e4 20. Bc2 a5 21. a3 Rfe8 22. Bf4 Bxf4 23. Rxf4 Ra8 24. Raf1 axb4 25. axb4 Ra3 26. Qd2 f6 27. gxf6 Nxf6 28. Re1 Qc7 29. Rh4 Rea8 30. Rh3 Ra2 31. Rg3 Qf7 32. Rg2 R8a3 33. Qe3 Ne8 34. Rf2 Qf6 35. b5 Ra1 36. b6 Nd6 37. Rfe2 Qxf5 38. Qg3 Qd7 39. Kg2 Rxe1 40. Rxe1 Ra2 41. Re2 Rb2 0-1

[Event "IECG CP.1998.P.00060"]
[Site "IECG email"]
[Date "1998.10.01"]
[Round "?"]
[White "Navarro, Efren"]
[Black "Schipper, Martin"]
[Result "1/2-1/2"]
[WhiteElo "1300"]
[BlackElo "800"]
[PlyCount "58"]
[EventDate "1998.10.01"]
[EventType "tourn (corr)"]
[EventRounds "6"]
[EventCountry "USA"]
[SourceTitle "Corr 2008"]
[Source "ChessBase"]
[SourceDate "2008.06.24"]
[SourceVersion "1"]
[SourceVersionDate "2008.06.24"]
[SourceQuality "1"]

1. d4 Nf6 2. Bg5 d5 3. e3 c5 4. c3 Qb6 5. Qc2 cxd4 6. exd4 Ne4 7. Bf4 Bf5 8. Bd3 e6 9. Nf3 Nd7 10. 0-0 Be7 11. Rd1 0-0 12. Nbd2 Rac8 13. Nxe4 Bxe4 14. Bxe4 dxe4 15. Qxe4 Qxb2 16. Rdb1 Qxc3 17. Qxb7 Rfd8 18. Rc1 Qb4 19. Qxc8 Rxc8 20. Rxc8+ Nf8 21. Rac1 f6 22. h3 Kf7 23. R8c7 Ng6 24. Bg3 a5 25. Kh2 Qa3 26. R1c2 h6 27. h4 h5 28. R7c3 Qa4 29. Rb3 Bb4 1/2-1/2